Zdolávanie požiarov vo výškových budovách

Gespeichert in:
Bibliographische Detailangaben
1. Verfasser: Škvarková, Dana, 1970- (Verfasst von)
Weitere Verfasser: Bartoš, Vladimír, 1966- (Betreuung Doktorarbeit)
Format: Manuskript Buch
Sprache:Slowakisch
Veröffentlicht: Trnava : STU v Bratislave MTF UBEI, 2010
Schlagworte:
Online-Zugang:VAIS
Tags: Tag hinzufügen
Keine Tags, Fügen Sie das erste Tag hinzu!

MARC

LEADER 00000ntm a22000003a 4500
001 stu217848
005 20160719160354.0
008 101130s2010----xo------------------slo-d
040 |a STU  |b slo 
041 0 |a slo 
044 |a xo 
100 1 |a Škvarková, Dana,  |d 1970-  |4 aut  |X 38299  |7 A000038299 
242 0 0 |a Fightig fires in high rise buildings.  |y eng 
245 1 |a Zdolávanie požiarov vo výškových budovách 
260 |a Trnava :  |b STU v Bratislave MTF UBEI,  |c 2010 
650 7 |a bezpečnosť a ochrana zdravia pri práci  |2 stusub 
650 7 |a Safety and Health Protection at Work  |2 estusub 
650 7 |a protipožiarna bezpečnosť  |2 stusub 
700 1 |a Bartoš, Vladimír,  |d 1966-  |4 ths  |X 73803  |7 A000073803 
856 4 |a info a plný text  |u http://is.stuba.sk/zp/portal_zp.pl?podrobnosti=72695  |3 VAIS 
996 |c M*BP-4987  |l MMSKP  |s P  |a 0  |w stu217848_0001